| 000 | 00475nam a2200169 4500 | ||
|---|---|---|---|
| 999 |
_c165596 _d165596 |
||
| 005 | 20220215153554.0 | ||
| 010 | _aENG-125731 | ||
| 020 | _c850.00 | ||
| 035 | _aEN-109263 | ||
| 037 | _bDBAD/PUB | ||
| 082 | _a332.420 | ||
| 245 |
_aIndian paper money : _bguide book 2019-20 |
||
| 260 |
_aKolkata _bPhilatelia _c2018 |
||
| 270 |
_aOne Moti Sil Street _bKolkata _e700013 _k22288549/8888 |
||
| 300 |
_a451p; _c22cm(Hb) _bill. |
||
| 942 |
_2ddc _cEN _h332.420 _mIND |
||